Державне управління (Запис № 310911)

МАРК-запис
000 -Лідер
fixed length control field 00764nam a22002897a 4500
003 - Ідентифікатор контрольного номера
control field UA-OsUOA
001 - Контрольний номер
control field 24632
007 - Фіксоване поле фізичного опису
fixed length control field ta
008 - Елементи даних фіксованої довжини – загальна інформація
fixed length control field 20040224b un ||||| |||| 00| 0 ukr d
090 ## - Локальний шифр розміщення
Класифікаційний індекс УДК 351/354(075.8)
Авторський знак (НП) Д36
040 ## - Джерело каталогізації
Агенція оригінальної каталогізації UA-OsUOA
Мова каталогізації ukr
Агенція, яка здійснювала перезапис UA-OsUOA
Агенція, яка здійснювала модифікацію UA-OsUOA
041 ## - Код мови
Код мови тексту/ звукової доріжки чи окремого заголовка (П) ukr
080 ## - Індекс Універсальної десяткової класифікації
Індекс Універсальної десяткової класифікації (УДК) (НП) 351/354(075.8)
020 ## - Міжнародний стандартний книжковий номер (ISBN)
Міжнародний стандартний книжковий номер (ISBN) (НП) 966-7767-77-9
044 ## - Код країни видавця/ виробника
Код країни видавця/ виробника (П) UA
100 ## - Основне введення – ім’я особи
Ім’я особи (НП) Мельник А.Ф.
245 ## - Відомості про назву
Назва (НП) Державне управління
Решта назви (НП) навчальний посібник
260 ## - Публікація, розповсюдження і т.п. (Вихідні дані)
Місце публікації, розповсюдження і т.п. (П) Київ
Ім’я/ наймення видавництва, розповсюджувача і т.п. (П) Знання-прес
Дата публікації, розповсюдження і т.п. (П) 2003
300 ## - Фізичний опис
Обсяг 343 с.
650 #7 - Додаткове предметне введення – тематичний термін
Джерело заголовка чи терміна UDC
700 ## - Додаткове введення – ім'я особи
Ім’я особи (НП) Оболенський О.Ю.
700 ## - Додаткове введення – ім'я особи
Ім’я особи (НП) Васіна А.Ю.
700 ## - Додаткове введення – ім'я особи
Ім’я особи (НП) Гордієнко Л.Ю.
942 ## - Додаткові елементи входу (Коха)
Тип елемента Koha Книги
955 ## - Код типу видання за змістом
Код типу видання за змістом (НП) Навчальні видання
Фонди
Стан вилучень Стан втрат Джерело класифікації або схеми стелажів Стан уражень Не для кредиту Постійне місце розташування Поточне розміщення Дата придбання Джерело придбання Вартість, звичайна ціна покупки Інвентарний номер Усього замовленно Повний номер виклику Штрих-код Дата останнього перегляду Ціна ефективна від Тип елемента Koha Перевірено Дата останньої перевірки
Withdrawn   Universal Decimal Classification     ЧЗ - Читальна зала ЧЗ - Читальна зала 26/03/2007 63/2007 28.80 104141   351/354(075.8) Д36 104141 13/07/2019 24/02/2004 Книги    
    Universal Decimal Classification     ЧЗ - Читальна зала ЧЗ - Читальна зала 26/03/2007 63/2007 28.80 104142   351/354(075.8) Д36 104142 06/02/2022 24/02/2004 Книги    
    Universal Decimal Classification     ЧЗ - Читальна зала ЧЗ - Читальна зала 26/03/2007 63/2007 28.80 104143   351/354(075.8) Д36 104143 07/02/2022 24/02/2004 Книги    
    Universal Decimal Classification     ЧЗ - Читальна зала ЧЗ - Читальна зала 24/02/2004   31.97 77886 1 351/354(075.8) Д36 77886 26/07/2019 24/02/2004 Книги 24/10/2019 26/07/2019
    Universal Decimal Classification     ЧЗ - Читальна зала ЧЗ - Читальна зала 24/02/2004   31.97 77887   351/354(075.8) Д36 77887 07/02/2022 24/02/2004 Книги    
    Universal Decimal Classification     ЧЗ - Читальна зала ЧЗ - Читальна зала 24/02/2004   31.97 77888   351/354(075.8) Д36 77888 07/02/2022 24/02/2004 Книги    
    Universal Decimal Classification     ЧЗ - Читальна зала ЧЗ - Читальна зала 24/02/2004   31.97 77889   351/354(075.8) Д36 77889 07/02/2022 24/02/2004 Книги    
    Universal Decimal Classification     ЧЗ - Читальна зала ЧЗ - Читальна зала 24/02/2004   31.97 77890   351/354(075.8) Д36 77890 07/02/2022 24/02/2004 Книги    
Withdrawn   Universal Decimal Classification     ЧЗ - Читальна зала ЧЗ - Читальна зала 16/04/2004   31.97 78504   351/354(075.8) Д36 78504 13/07/2019 24/02/2004 Книги